000 00589cam a2200193 4500
008 120807n 000 0 eng u
022 _a18100775
035 _a(Sirsi) a177028
050 _aFAO SF 488 HIL 2011
100 _aHilmi, Martin
245 _aProducts and Profit from Poultry/
_cMartin Hilmi, Frands Dolberg and Brian Clarke
260 _aRome:
_bFood and Agriculture Organisation,
_c2011
300 _aix,73p.:
_bill.
650 _aPoultry---Products
700 _aDolberg, Frands
700 _aClarke, Brian
700 _a
710 _aFood and Agriculture Organisation
999 _c117766
_d117766